000 00800nam a2200325Ia 4500
008 210210b2001 xxu||||| |||| 00| 0 eng d
020 _a8176291919
041 _aeng
082 _a658.3 BHAP
100 _aBHATIA (S K)
245 _aPrinciples and techniques of personnel management/ human resource management Rev Ed 2
250 _a
260 _aNew Delhi
_bDeep and Deep Publications Private Limited
_c2001
300 _axvi,510
650 _atechniques
650 _aRev
650 _aresource
650 _aPrinciples
650 _apersonnel
650 _aof
650 _amanagement/
650 _amanagement
650 _ahuman
650 _aEd
650 _aand
650 _a2
690 _aPersonnel Management
700 _aSINGH (Nirmal)
906 _a062405
999 _c117516
_d117516